[Event "GER-chT U20 Girls"]
[Site "Magdeburg"]
[Date "2023.12.30"]
[Round "7.4"]
[White "Duchstein, Anna"]
[Black "Werner, Rosalie"]
[Result "1/2-1/2"]
[WhiteElo "1536"]
[BlackElo "1771"]
[PlyCount "67"]
[EventDate "2023.12.26"]
[EventType "team-swiss"]
[EventRounds "7"]
[EventCountry "GER"]
[SourceTitle "CB03_2024"]
[SourceDate "2024.01.17"]
[SourceVersion "1"]
[SourceVersionDate "2024.01.17"]
[SourceQuality "1"]
[WhiteTeam "Porta Westfalica"]
[BlackTeam "Offenbach"]
[WhiteTeamCountry "GER"]
[BlackTeamCountry "GER"]

1. Nf3 Nf6 2. g3 g6 3. Bg2 Bg7 4. d4 d6 5. 0-0 0-0 6. c4 Nbd7 7. Qc2 e5 8. e3 Qe7 9. Nc3 c6 10. Rd1 Re8 11. d5 cxd5 12. Nxd5 Nxd5 13. cxd5 a5 14. e4 Nc5 15. Be3 b6 16. Rac1 Bf6 17. a3 a4 18. Ne1 Bg5 19. Qe2 Ba6 20. Qf3 Bxe3 21. Qxe3 Rab8 22. Nc2 Nb3 23. Rb1 Bb5 24. Nb4 Qd7 25. Bf1 Rec8 26. Bxb5 Qxb5 27. Nc6 Rb7 28. Qg5 Re8 29. Qf6 Rd7 30. h4 Qe2 31. Re1 Qg4 32. Kg2 Nd2 33. f3 Qh5 34. Rbc1 1/2-1/2

[Event "GER-ch U16 Girls"]
[Site "Willingen"]
[Date "2022.06.07"]
[Round "4"]
[White "Pikki, Daria"]
[Black "Duchstein, Anna"]
[Result "1/2-1/2"]
[WhiteElo "1638"]
[BlackElo "1661"]
[PlyCount "74"]
[EventDate "2022.06.04"]
[EventType "swiss"]
[EventRounds "9"]
[EventCountry "GER"]
[SourceTitle "CBM 208 Extra"]
[Source "ChessBase"]
[SourceDate "2022.07.31"]
[SourceVersion "1"]
[SourceVersionDate "2022.07.31"]
[SourceQuality "1"]

1. d4 d5 2. c4 e5 3. cxd5 Qxd5 4. e3 exd4 5. Nc3 Qd8 6. exd4 Nf6 7. Bc4 c6 8. Bg5 Be7 9. Nge2 0-0 10. 0-0 h6 11. Bf4 Re8 12. Qb3 Rf8 13. a4 Qb6 14. Qa2 Bf5 15. Rfe1 Bb4 16. h3 Bg6 17. Be3 Qa5 18. Rec1 Bd6 19. d5 c5 20. Qb3 Qb4 21. Qxb4 cxb4 22. Nb5 Be5 23. Bd4 Bxd4 24. Nbxd4 Nbd7 25. Nf4 Bh7 26. Nf3 Rac8 27. a5 Rfd8 28. b3 Be4 29. Nd2 Nc5 30. Nxe4 Ncxe4 31. Ra4 Nc3 32. Raa1 Nfxd5 33. Nxd5 Nxd5 34. Bxd5 Rxc1+ 35. Rxc1 Rxd5 36. Rc8+ Kh7 37. Rc7 Rd3 1/2-1/2

[Event "GER-ch U16 Girls"]
[Site "Willingen"]
[Date "2022.06.05"]
[Round "1"]
[White "Duchstein, Anna"]
[Black "Cordes, Jule Johanne"]
[Result "1/2-1/2"]
[WhiteElo "1661"]
[BlackElo "1841"]
[PlyCount "87"]
[EventDate "2022.06.04"]
[EventType "swiss"]
[EventRounds "9"]
[EventCountry "GER"]
[SourceTitle "CBM 208 Extra"]
[Source "ChessBase"]
[SourceDate "2022.07.31"]
[SourceVersion "1"]
[SourceVersionDate "2022.07.31"]
[SourceQuality "1"]

1. e4 c5 2. Nf3 g6 3. d4 cxd4 4. Qxd4 Nf6 5. Nc3 Nc6 6. Qa4 d6 7. e5 dxe5 8. Nxe5 Bd7 9. Nxd7 Qxd7 10. Be3 Bg7 11. Rd1 Qc8 12. Be2 0-0 13. 0-0 a6 14. Qh4 Re8 15. Na4 Qf5 16. Bd3 Qg4 17. Bg5 Qxh4 18. Bxh4 b5 19. Nb6 Rab8 20. Bxf6 exf6 21. Nd5 Rbc8 22. c3 Ne5 23. Be2 f5 24. a4 Nc4 25. Bxc4 bxc4 26. Rd2 Rc5 27. Rfd1 Ra5 28. Nb6 Rc5 29. Rd8 Rce5 30. Rxe8+ Rxe8 31. Nxc4 Rc8 32. Ne3 Rb8 33. Rd2 Kf8 34. Nd1 Re8 35. Kf1 Re4 36. b3 Re6 37. Rd5 Rc6 38. c4 Ke8 39. c5 a5 40. Ne3 Bc3 41. Nc4 Bb4 42. Nd6+ Ke7 43. Nb7 Rc7 44. c6 1/2-1/2